Logo BPK

Biblioteka

Politechniki Koszalińskiej

From Sarajevo to Potsdam / (Rekord nr 47522)

Szczegóły MARC
000 -ETYKIETA REKORDU
podpole kontrolne o stałej długości 00567nam a2200181 i 4500
001 - NUMER KONTROLNY REKORDU
pole kontrolne bgj
040 ## - ŹRÓDŁO KATALOGOWANIA
Instytucja, która utworzyła rekord BPK
041 0# - KOD JĘZYKA
Kod języka tekstu eng
008 - POLE O STAŁEJ DŁUGOŚCI - DANE KONTROLNE
podpole kontrolne o stałej długości s uk f |000 0 eng
100 1# - NAZWA OSOBOWA
Nazwa osobowa TAYLOR, Alan John Percivale
Daty związane z nazwą (1906- ).
245 10 - TYTUŁ/ODPOWIEDZIALNOŚĆ
Tytuł From Sarajevo to Potsdam /
Pozostałe elementy strefy tytułu i oznaczenia odpowiedzialności A. J. P. Taylor.
250 ## - STREFA WYDANIA
Oznaczenie wydania [1st Amer. ed.]
-- [repr.].
260 ## - STREFA ADRESU WYDAWNICZEGO
Miejsce wydania [New York] :
Nazwa wydawcy/dystrybutora Harcourt, Brace and World, Inc.,
Data publikacji, dystrybucji/powstania dokumentu 1968.
300 ## - STREFA OPISU FIZYCZNEGO
Objętość 216 pp :
Inne cechy fizyczne ill. (part col.), maps, ports ;
Rozmiary 22 cm.
505 ## - SFORMALIZOWANA UWAGA DOTYCZĄCA ZAWARTOŚCI
Pełny tekst uwagi Includes index and bibliographical notes.
651 #9 - HASŁO PRZEDMIOTOWE W FORMIE NAZWY GEOGRAFICZNEJ
Nazwa geograficzna Europe
Określnik chronologiczny History
856 ## - LOKALIZACJA I DOSTĘP DO ELEKTRONICZNYCH DOKUMENTÓW ZDALNYCH
Link (URL) http://koha.tu.koszalin.pl/cgi-bin/koha/opac-detail.pl?biblionumber=47522
Tekst linku Katalog online BPK
942 ## - DODATKOWE ELEMENTY (KOHA)
Typ dokumentu Książka
Egzemplarze
Wycofany Status egzemplarza Uszkodzony Dostępność Lokalizacja stała Lokalizacja bieżąca Miejsce przechowywania Sygnatura Kod kreskowy Typ dokumentu
      Dostępny Biblioteka Politechniki Koszalińskiej Biblioteka Politechniki Koszalińskiej Wypożyczalnia Językowa KA 3882 09019355 Książka
© 2023 Biblioteka Politechniki Koszalińskiej :: KOHA